000
00310nam a22001457a 4500
003
SGT
082
_a
515.353 BHA
100
_a
BHARAVA,N N
245
_a
DIFFERENTIAL EQUATIONS
250
_a
1ST
260
_a
MEERUT
_b
PRAGATI PRAKASHAN
_c
2015
300
_a
555
650
_a
MATHEMATICS
942
_2
ddc
_c
FPS
_0
4
999
_c
10051
_d
10051